| 000 | 00709nam a22002412 4500 | ||
|---|---|---|---|
| 999 |
_c18511 _d18511 |
||
| 001 | 0000001282 | ||
| 003 | OSt | ||
| 005 | 20200921100112.0 | ||
| 008 | 070228s xx 000 0 eng d | ||
| 020 | _a1784991487 | ||
| 040 |
_aKABU _cKABU |
||
| 050 | 0 |
_aHB135 _b.P46 2016 c.1 |
|
| 100 | 1 | _aPemberton, Malcolm. | |
| 245 | 1 | 0 |
_aMathematics for economists : _ban introductory textbook / _cMalcolm Pemberton and Nicholas Rau. |
| 250 | _a4th ed. | ||
| 260 |
_aNew York : _bManchester University Press, _c2016 |
||
| 300 | _axviii, 757p. | ||
| 650 | 0 | _aEconomics, Mathematical. | |
| 700 | 1 | _aRau, Nicholas. | |
| 908 | _a070228 | ||
| 942 |
_2lcc _cBK |
||